000
00180 a2200097 4500
041
_a
spa
100
_a
Anna Mcquinn
245
_a
Lola planta un Jardin
942
_c
BK
952
_7
4
999
_c
20453
_d
20453